A guide to Galatians / (Record no. 1651)
[ view plain ]
| 000 -LEADER | |
|---|---|
| fixed length control field | 00921cam a2200325 a 4500 |
| 001 - CONTROL NUMBER | |
| control field | 319071 |
| 003 - CONTROL NUMBER IDENTIFIER | |
| control field | OSt |
| 005 - DATE AND TIME OF LATEST TRANSACTION | |
| control field | 20180919124444.0 |
| 008 - FIXED-LENGTH DATA ELEMENTS--GENERAL INFORMATION | |
| fixed length control field | 900620s1990 enka b 001 0 eng d |
| 010 ## - LIBRARY OF CONGRESS CONTROL NUMBER | |
| LC control number | gb 90036752 |
| 015 ## - NATIONAL BIBLIOGRAPHY NUMBER | |
| National bibliography number | GB90-36752 |
| 020 ## - INTERNATIONAL STANDARD BOOK NUMBER | |
| International Standard Book Number | 028104502X : |
| Terms of availability | �7.50 |
| 035 ## - SYSTEM CONTROL NUMBER | |
| System control number | (OCoLC)22002282 |
| 035 ## - SYSTEM CONTROL NUMBER | |
| System control number | (OCoLC)ocm22002282 |
| 040 ## - CATALOGING SOURCE | |
| Original cataloging agency | UKM |
| Transcribing agency | UKM |
| Modifying agency | PTS |
| 049 ## - LOCAL HOLDINGS (OCLC) | |
| Holding library | PTSS |
| 082 04 - DEWEY DECIMAL CLASSIFICATION NUMBER | |
| Classification number | 227.4 |
| Edition number | 20 |
| Item number | V224G |
| 090 ## - LOCALLY ASSIGNED LC-TYPE CALL NUMBER (OCLC); LOCAL CALL NUMBER (RLIN) | |
| Classification number (OCLC) (R) ; Classification number, CALL (RLIN) (NR) | BS2685.3 |
| Local cutter number (OCLC) ; Book number/undivided call number, CALL (RLIN) | .V324 1990 |
| 100 2# - MAIN ENTRY--PERSONAL NAME | |
| Personal name | Van Daalen, David Hendrik, |
| Dates associated with a name | 1919- |
| 245 12 - TITLE STATEMENT | |
| Title | A guide to Galatians / |
| Statement of responsibility, etc. | David H. van Daalen. |
| 250 ## - EDITION STATEMENT | |
| Edition statement | Reprint In Indian Edition. |
| 260 ## - PUBLICATION, DISTRIBUTION, ETC. | |
| Place of publication, distribution, etc. | London : |
| Name of publisher, distributor, etc. | SPCK, |
| Date of publication, distribution, etc. | 1990. |
| 260 ## - PUBLICATION, DISTRIBUTION, ETC. | |
| Place of publication, distribution, etc. | New Delhi : |
| Name of publisher, distributor, etc. | ISPCK, |
| Date of publication, distribution, etc. | 2001. |
| 300 ## - PHYSICAL DESCRIPTION | |
| Extent | ix, 102 p. : |
| Other physical details | ill. ; |
| Dimensions | 22 cm. |
| 440 #0 - SERIES STATEMENT/ADDED ENTRY--TITLE | |
| Title | TEF study guide ; |
| Volume/sequential designation | 28 |
| 500 ## - GENERAL NOTE | |
| General note | Includes index. |
| 504 ## - BIBLIOGRAPHY, ETC. NOTE | |
| Bibliography, etc. note | Bibliography: p. ix. |
| 630 00 - SUBJECT ADDED ENTRY--UNIFORM TITLE | |
| Uniform title | Bible. |
| Name of part/section of a work | N.T. |
| -- | Galatians |
| General subdivision | Commentaries. |
| 942 ## - ADDED ENTRY ELEMENTS (KOHA) | |
| Source of classification or shelving scheme | Dewey Decimal Classification |
| Koha item type | Books |
| Withdrawn status | Lost status | Source of classification or shelving scheme | Damaged status | Not for loan | Collection code | Home library | Current library | Shelving location | Date acquired | Cost, normal purchase price | Total Checkouts | Full call number | Barcode | Date last seen | Price effective from | Koha item type |
|---|---|---|---|---|---|---|---|---|---|---|---|---|---|---|---|---|
| Dewey Decimal Classification | Non-fiction | Harvest Mission College | Harvest Mission College | General Stacks | 19.09.2018 | 80.00 | 227.4 V224G | 002697 | 19.09.2018 | 19.09.2018 | Books | |||||
| Dewey Decimal Classification | Non-fiction | Harvest Mission College | Harvest Mission College | 06.11.2019 | 227.4 V224G | 009974 | 06.11.2019 | 06.11.2019 | Books |
